Normal view
MARC view
- إصلاح - آسيا ، تنمية إدارية - آسيا ، إدارة -آسيا
Entry Topical Term
001 - CONTROL NUMBER
- control field: 32878
003 - CONTROL NUMBER IDENTIFIER
- control field: JO-AjAnu
005 - DATE AND TIME OF LATEST TRANSACTION
- control field: 20230606075524.0
008 - FIXED-LENGTH DATA ELEMENTS
- fixed length control field: 230606|| aca||aabn | a|a d
040 ## - CATALOGING SOURCE
- Original cataloging agency: JO-AjAnu
- Transcribing agency: JO-AjAnu
150 ## - HEADING--TOPICAL TERM
- Topical term or geographic name entry element: إصلاح - آسيا ، تنمية إدارية - آسيا ، إدارة -آسيا
670 ## - SOURCE DATA FOUND
- Source citation: Work cat.: (JO-AjAnu)16890: مراجعة وإشراف عبد الحليم ، احمد عبد الفتاح ، ترجمة عثمان ، أحمد, author 32877, تجارب عالمية مختارة فى الإصلاح الإداري ،دراسة حالات خمس دول آسيوية